LEADER 01379nam0 2200289 i 450 001 SUN0049413 005 20140625025023.238 010 $a978-08-218-1070-5$d0.00 011 $a1040-7650 100 $a20060810d1998 |0engc50 ba 101 $aeng 102 $aUS 105 $a|||| ||||| 200 1 $aAssistantships and graduate fellowships in the mathematical sciences$e1998-1999 210 $aProvidence$cAmerican Mathematical Society$d1998 215 $a130 p.$d29 cm. 620 $aUS$dNew York$3SUNL000011 676 $a510.711$v21 712 $aAmerican mathematical society$3SUNV001080$4650 801 $aIT$bSOL$c20181109$gRICA 912 $aSUN0049413 950 $aUFFICIO DI BIBLIOTECA DEL DIPARTIMENTO DI MATEMATICA E FISICA$d08 CONS 00-XX 0113 $e08 4754 VI 950 $aBIBLIOTECA DEL DIPARTIMENTO DI ARCHITETTURA E DISEGNO INDUSTRIALE$d01 CONS IIIAa(86) $e01 47800 995 $aUFFICIO DI BIBLIOTECA DEL DIPARTIMENTO DI MATEMATICA E FISICA$bIT-CE0120$h4754$kCONS 00-XX 0113 VI$op$qa 995 $aBIBLIOTECA DEL DIPARTIMENTO DI ARCHITETTURA E DISEGNO INDUSTRIALE$bIT-CE0107$h47800$kCONS IIIAa(86)$op$qa 996 $aAssistantships and graduate fellowships in the mathematical sciences$91426354 997 $aUNICAMPANIA